| 000 | 00526nam a2200145 a 4500 | ||
|---|---|---|---|
| 001 | 000029569 | ||
| 005 | 20200930055638.0 | ||
| 008 | 110418s1987 dr 000 0 spa d | ||
| 245 | 0 | 0 |
_aMopsidomi : _bun agujero en la trama de la tradición en la psicología de la República Dominicana /. |
| 260 |
_aSanto Domingo : _bEditorial Hermeneias del psicoanalisis, _c1987. _fEditora Búho |
||
| 300 |
_a30 p. ; _c22 cm. |
||
| 490 | 1 |
_aEnsayos psicoanalísticos _v3 |
|
| 830 | 0 |
_aEnsayos psicoanalísticos _v3 _956401 |
|
| 999 |
_c29061 _d29061 |
||
| 040 | _aDO-SdBNP | ||